|
|
|
|
| LEADER |
01226nam a2200277 a 4500 |
| 001 |
15223340 |
| 008 |
130409s2009 caua b 001 0 eng d |
| 010 |
|
|
|a 2008011833
|
| 020 |
|
|
|a 0761930116 (cloth)
|
| 020 |
|
|
|a 9780761930112 (cloth)
|
| 020 |
|
|
|a 0761930124 (pbk.)
|
| 020 |
|
|
|a 9780761930129 (pbk.)
|
| 040 |
|
|
|a DLC
|b eng
|c DLC
|d BAKER
|d BTCTA
|d C#P
|d YDXCP
|d BWX
|d NLGGC
|d CDX
|d IXA
|d CUD
|d WAU
|d HEBIS
|d OCLCQ
|d DLC
|d BD-DhAAL
|
| 082 |
0 |
0 |
|a 300.72
|2 22
|
| 100 |
1 |
|
|a Teddlie, Charles.
|
| 245 |
1 |
0 |
|a Foundations of mixed methods research :
|b integrating quantitative and qualitative approaches in the social and behavioral sciences /
|c Charles Teddlie, Abbas Tashakkori.
|
| 260 |
|
|
|a Los Angeles :
|b SAGE,
|c c2009.
|
| 300 |
|
|
|a viii, 387 p. :
|b ill. ;
|c 26 cm.
|
| 504 |
|
|
|a Includes bibliographical references (p. 348-368) and index.
|
| 541 |
|
|
|e 00026824
|
| 650 |
|
0 |
|a Mixed methods research.
|
| 650 |
|
0 |
|a Social sciences
|x Research
|x Methodology.
|
| 700 |
1 |
|
|a Tashakkori, Abbas.
|
| 852 |
1 |
|
|a Ayesha Abed Library
|c General shelf.
|
| 999 |
|
|
|c 13291
|d 13291
|
| 952 |
|
|
|0 0
|1 0
|2 ddc
|4 0
|6 300_720000000000000_TED
|7 0
|9 22163
|a JPGSPH
|b JPGSPH
|c GEN
|d 2013-04-10
|e Karim International
|g 3890.00
|l 0
|o 300.72 TED
|p 3060026824
|r 2013-04-10
|t 1
|w 2013-04-10
|y BK
|